Quem tem medo de tempestade ? (Record no. 173821)

MARC details
000 -LÍDER
campo de controle de tamanho fixo 00344 a2200157 4500
001 - NÚMERO DE CONTROLE
campo de controle 173821
020 ## - ISBN - INTERNATIONAL STANDARD BOOK NUMBER
ISBN - International Standard Book Number
040 ## - FONTE DA CATALOGAÇÃO
Instituição que transcreveu o registro Magnum
100 ## - ENTRADA PRINCIPAL--NOME PESSOAL
Nome pessoal Joly, Fanny
240 10 - TÍTULO UNIFORME
Título uniforme Quem tem medo de tempestade ?
Idioma da obra por
245 10 - TÍTULO
Título Quem tem medo de tempestade ?
362 0# - DATAS DE PUBLICAÇÃO E/OU DESIGNAÇÃO SEQUENCIAL
Datas de publicação e/ou designação sequencial 1899
440 #1 - DECLARAÇÃO DE SÉRIE/ENTRADA ADICIONADA--TÍTULO
Título Scipione
697 ## - ENTRADA DE ASSUNTO LOCAL--ENTIDADE COLETIVA (RLIN)
Nome corporativo ou nome da jurisdição I/AVENTURA, CRIANCAS
942 ## - ELEMENTOS DE ENTRADA ADICIONADOS (KOHA)
Tipo de material Koha Livros
Holdings
Situação do descarte Situação das perdas Situação física Não pode ser emprestado Biblioteca de origem Biblioteca atual Data de aquisição Total de empréstimos Número de chamada completo Código de barras Data de último acesso Data do preço efetivo Tipo de material Koha
        Magnum Magnum 08/06/2024   LI.01273 MAG00021323 08/06/2024 08/06/2024 Livros